|
|
|
|
| LEADER |
00000nas a22000007i 4500 |
| 001 |
ssj0001057420 |
| 003 |
WaSeSS |
| 005 |
20200512172242.0 |
| 006 |
m d |
| 007 |
cr n |
| 008 |
100417c20019999cauar s b 1 a0eng |
| 010 |
|
|
|a 2012200116
|
| 022 |
|
|
|a 2167-0099
|y 2167-0102
|
| 035 |
|
|
|a (WaSeSS)ssj0001057420
|
| 037 |
|
|
|b SIAM 3600 Maret St., 6th Fl., Phildadelphia, PA 19104
|
| 040 |
|
|
|a OCLCE
|b eng
|c OCLCE
|d OCLCQ
|d DLC
|d OCLCQ
|d OCLCF
|d OCLCO
|d OCL
|d OCLCO
|d OCLCQ
|d NTG
|d DLC
|d OCL
|d WaSeSS
|
| 042 |
|
|
|a pcc
|a nsdp
|
| 050 |
0 |
0 |
|a QA76.9.D343
|
| 050 |
|
4 |
|a QA76.9.D343
|b S53
|
| 082 |
1 |
0 |
|a 006.3
|2 14
|
| 111 |
2 |
|
|a SIAM International Conference on Data Mining.
|
| 210 |
0 |
|
|a Proc. SIAM Int. Conf. Data Min.
|b (Online)
|
| 222 |
|
0 |
|a Proceedings of the ... SIAM International Conference on Data Mining
|b (Online)
|
| 245 |
1 |
0 |
|a Proceedings of the ... SIAM International Conference on Data Mining
|h [electronic resource].
|
| 246 |
3 |
|
|a SIAM International Conference on Data Mining
|
| 260 |
|
|
|a Philadelphia, PA :
|b Society for Industrial and Applied Mathematics
|
| 310 |
|
|
|a Annual
|
| 362 |
1 |
|
|a Began with: 1 (Apr. 5-7, 2001).
|
| 506 |
|
|
|a License restrictions may limit access.
|
| 588 |
|
|
|a Description based on: 1st (2001); title from caption (SIAM website, viewed Apr. 6, 2012).
|
| 588 |
|
|
|a Latest issue consulted: 11th (2011) (SIAM website, viewed Apr. 6, 2012).
|
| 650 |
|
0 |
|a Data mining
|v Congresses.
|
| 650 |
|
7 |
|a Data mining.
|2 fast
|0 (OCoLC)fst00887946
|
| 655 |
|
0 |
|a Electronic journals.
|
| 710 |
2 |
|
|a Society for Industrial and Applied Mathematics.
|
| 776 |
0 |
8 |
|i Print version:
|a SIAM International Conference on Data Mining.
|t Proceedings of the ... SIAM International Conference on Data Mining
|x 2167-0102
|w (DLC) 2012200117
|w (OCoLC)173715640
|
| 776 |
0 |
8 |
|i CD-ROM version:
|a SIAM Conference on Data Mining.
|t Proceedings of the SIAM Conference on Data Mining
|x 2326-7828
|w (DLC) 2013200606
|w (OCoLC)828098608
|
| 850 |
|
|
|a DLC
|
| 856 |
4 |
0 |
|z Full text available from Research Library: 01/01/2001 to 01/31/2012
|u https://search.proquest.com/publication/676301
|